000 00689cab a2200205 4500
001 A568
008 090401t1911 xxu||||| |||| 00| 0 eng d
035 _a(Sirsi) u29904
041 _aeng
245 _aLurcott v Wakely & Wheeler
260 _c1911
350 _a0
490 _aLaw Reports - Kings Bench Division
_v(1911) 1 KB 905-927(23)
520 _aLandlord and tenant - repairs - lessee`s covenant - `keep in thorough repair and good condition` - old building - natural decay - dangerous structure notice - rebuilding - liability of lessee.
650 _aLEASES
650 _aREPAIR COVENANTS
690 _aLANDLORD AND TENANT-CASE LAW
942 _n0
948 _c04/03/1997
999 _c20115
_d20115